000 03699namaa2200397uu 4500
001 doab135228
003 oapen
005 20260218110429.0
006 m o d
007 cr|mn|---annan
008 240307s2024 xx |||||o ||| 0|eng d
020 _a9781837680146
020 _a9781837680153
020 _a9781837680160
020 _aintechopen.100975
024 7 _a10.5772/intechopen.100975
_2doi
040 _aoapen
_coapen
_d
041 0 _aeng
042 _adc
720 1 _aBarkaoui, Abdelwahed
_4edt
245 0 0 _aBiomechanical Insights into Osteoporosis
260 _bIntechOpen
_c2024
300 _a1 online resource (156 p.)
336 _atext
_btxt
_2rdacontent
337 _acomputer
_bc
_2rdamedia
338 _aonline resource
_bcr
_2rdacarrier
506 0 _fUnrestricted online access
_2star
520 _aDive into the intricate realm of osteoporosis through the lens of biomechanics with Biomechanical Insights into Osteoporosis. This pioneering volume offers a comprehensive exploration of this debilitating condition, providing an in-depth understanding of its biomechanical foundations and implications. Osteoporosis, characterized by reduced bone mineral density and heightened susceptibility to fractures, stands as a global health challenge. This book brings together leading experts in the field, who rigorously analyze the multifaceted aspects of osteoporosis, offering invaluable knowledge for researchers, clinicians, and students alike. Key Highlights: •Biomechanical Foundations: Gain profound insights into the biomechanical basis of bone fractures and fracture osteosynthesis in small animals. Explore the fundamental principles that shape our understanding of osteoporotic biomechanics. •Non-Glucocorticoid Drug-Induced Osteoporosis: Investigate the mechanisms, risk factors, and therapeutic approaches for osteoporosis induced by medications other than glucocorticoids. •Vascular Remodeling and Bone Destruction: Discover the common pathogenetic links between vascular remodeling and bone tissue destruction in postmenopausal women with arterial hypertension. This holistic perspective illuminates bone health dynamics. •Genetic Targets and Future Directions: Explore promising genetic targets that have the potential to revolutionize osteoporosis treatment. Get a glimpse into the future of research and treatment strategies. •Biomarkers and Metabolism: Delve into the latest research progress surrounding bone mineral density and bone metabolism biomarkers, offering valuable insights into diagnostics and monitoring. •Impact of Diseases and Medical Treatments: Understand the intricate interplay between diseases and medical treatments on bone mineral density. Gain a comprehensive understanding of how various factors influence skeletal health. This book represents a significant milestone in deciphering the complexities of osteoporosis from a biomechanical perspective. Join us in this scientific journey to explore the fascinating facets of osteoporosis. Biomechanical Insights into Osteoporosis is an essential resource for anyone seeking a deeper understanding of this critical health issue and the biomechanical aspects that underlie it.
540 _aCreative Commons
_fhttps://creativecommons.org/licenses/by/3.0/
_2cc
_uhttps://creativecommons.org/licenses/by/3.0/
546 _aEnglish
650 7 _aBiomedical engineering
_2bicssc
720 1 _aBarkaoui, Abdelwahed
_4oth
793 0 _aDOAB Library.
856 _uhttps://docs.google.com/spreadsheets/d/1yKIrdCPDAG_9c22mwoOIO2DOhtj65Wqa/edit?usp=sharing&ouid=106555315294820607512&rtpof=true&sd=true
_yList of Curated E-Books
942 _cE-BOOK
999 _c80990
_d80989